Vamos contar... (Registo nº 3174)

Detalhes MARC
000 -Etiqueta do registo
Cabeçalho 00871nam a22002651 4500
005 - Identificador da versão
Campo de controlo 20240813121955.0
100 ## - Dados gerais de processamento
Dados gerais de processamento 19990310d197- cd y0pory5003 ba
102 ## - Pais de publicação ou produção
País de publicação Portugal
101 0# - Língua de publicação
Língua do texto, banda sonora, etc. Português
106 ## - Campo de dados codificados: material textual
Dados codificados do material textual r
105 ## - Campo de dados codificados: livros
Dados codificados dos livros a z 001fy
215 ## - Descrição física 
Indicação específica da natureza do documento e extensão da espécie 22, [2] p.
Outras indicações físicas il.
Dimensões 21 cm
200 1# - Titulo e menção de responsabilidade
Título próprio Vamos contar...
Primeira menção de responsabilidade três histórias de Matilde Rosa Araújo, Manuel Ferreira
Outras menções de responsabilidade il. José Soares Rocha
225 2# - Colecção 
Título próprio da colecção Cadernos juventude e cultura
Indicação de volume 12
210 ## - Publicação, Distribuição, etc. 
Lugar da edição, distribuição, etc. Lisboa
Nome do editor, distribuidor, etc. Ministério da Educação e Investigação Científica
Data da publicação, distribuição, etc. [197-]
606 ## - Nome comum usado como assunto
Número de registo de entrada de autoridade 0000364
Palavra de ordem Literatura portuguesa infanto-juvenil
Subdivisão de assunto Conto
675 ## - Classificação Decimal Universal (CDU)
Notação 821.134.3-34
Edição
Língua da edição por
702 #1 - Nome de autor-pessoa física (responsabilidade secundária)
Número de registo de entrada de autoridade 0002450
Palavra de ordem Rocha
Outra parte do nome não tomada para palavra de ordem José Soares
Código de função Ilustrador / Técnico de desenho computorizado
701 #1 - Nome de autor-pessoa física (co-responsabilidade principal)
Palavra de ordem Ferreira
Outra parte do nome não tomada para palavra de ordem Manuel
Código de função Autor / Co-autor
700 #1 - Nome de autor-pessoa física (responsabilidade principal)
Número de registo de entrada de autoridade 0000578
Palavra de ordem Araújo
Outra parte do nome não tomada para palavra de ordem Matilde Rosa
942 ## - Elementos de entrada adicionados (Koha)
Tipo de item no Koha Livro
Exemplares
Situação do levantamento Origin of item (home branch) (coded) Biblioteca de empréstimo Código de barras Cota Circulation type (not for loan) Tipo de documento Nota do exemplar Damaged status
  Biblioteca Escolar da Coca Maravilhas Biblioteca Escolar da Coca Maravilhas BECM4507/99 8POR ARA   Livro Sem mensagem  
  Biblioteca Escolar da Coca Maravilhas Biblioteca Escolar da Coca Maravilhas BECM4449/99 8POR ARA   Livro Sem mensagem